000 01380nam a2200349 c 4500
999 _c172578
_d172578
003 BLK
005 20220228084352.0
008 180411b bul|||||r ||||||| ||bul||
010 _aKNG00180916000
040 _aBLK
041 _aBUL
_cBUL
072 7 _2bullib
_aН84
_xБългарска художествена литература Н
072 7 _2bullib
_aК
_xКраезнание
072 7 _2bullib
_aРА
_xРусенски автори
080 _aБългарска литература
_b821.163.2
_x-92
_z821.163.2-92
100 1 _aСтоянов, Венцеслав Христов
_eпърви автор
_9381957
139 _aСтоянов, Венцеслав Христов
_bС 83
245 1 0 _aИстинското лице на комунизма
_bСб. от статии, печатани във в. Форум през 2012/2013 г.
_cВенцеслав Христов Стоянов.
257 _aBGR
260 _bИзд. авт.
_c[2015]
300 _a58 с.
_bс факс.
_c27 см
380 _a3
500 _aВ кн. означено 2. изд.
653 _aпублицистика
659 _aК
659 _aН
852 _aЦб ІІ 20846
852 _aК 821.163.2/С 83 В
856 4 _qpdf
856 4 _qpdf
942 _cKNG
_n0
_01
_s1
944 _aCR
_c03.09.2015
_lф /
_kВиолета_Тройчева
944 _aED
_c04.09.2015
_lф /
_kЛюдмила_Стоянова
999 _d172578